[Event "Stuttgart-chB int"]
[Site "Ditzingen"]
[Date "2018.05.11"]
[Round "4"]
[White "Gruenert, Thomas"]
[Black "Thomas, Leonhard"]
[Result "1-0"]
[WhiteElo "1743"]
[BlackElo "1642"]
[PlyCount "53"]
[EventDate "2018.05.10"]
[EventType "swiss"]
[EventRounds "7"]
[EventCountry "GER"]
[SourceTitle "EXT 2020"]
[Source "ChessBase"]
[SourceDate "2019.10.17"]
[SourceVersion "1"]
[SourceVersionDate "2019.10.17"]
[SourceQuality "1"]

1. d4 d5 2. Nf3 Bf5 3. e3 e6 4. c4 Nf6 5. Nc3 Bb4 6. Qa4+ Nc6 7. Ne5 Bxc3+ 8. bxc3 0-0 9. Nxc6 Qd7 10. Ba3 Rfe8 11. cxd5 Nxd5 12. Bb5 Nxc3 13. Ne7+ Rxe7 14. Bxd7 Nxa4 15. Bxe7 c6 16. d5 Nc3 17. dxc6 bxc6 18. Bb4 Nb1 19. 0-0 Rb8 20. Bd6 Rb7 21. Bxc6 Rb6 22. e4 Nd2 23. Rfc1 Bg6 24. Bf4 Rb2 25. Bxd2 Rxd2 26. Rc4 f5 27. f3 1-0

[Event "Baden-ch U2000"]
[Site "Walldorf"]
[Date "2017.07.30"]
[Round "7"]
[White "Halli, Gerhard"]
[Black "Gruenert, Thomas"]
[Result "1/2-1/2"]
[WhiteElo "1913"]
[BlackElo "1740"]
[PlyCount "39"]
[EventDate "2017.07.26"]
[EventType "swiss"]
[EventRounds "7"]
[EventCountry "GER"]
[SourceTitle "EXT 2018"]
[Source "ChessBase"]
[SourceDate "2017.10.13"]
[SourceVersion "1"]
[SourceVersionDate "2017.10.13"]
[SourceQuality "1"]

1. d4 d5 2. Bf4 Nf6 3. e3 a6 4. c4 e6 5. Nc3 dxc4 6. Bxc4 b5 7. Be2 Bb7 8. Bf3 Nd5 9. Bg3 Bb4 10. Nge2 0-0 11. 0-0 Bd6 12. Rc1 f5 13. Nxd5 Bxd5 14. Bxd5 exd5 15. Nc3 f4 16. exf4 Bxf4 17. Bxf4 Rxf4 18. g3 Rf6 19. Qh5 c6 20. Rfe1 1/2-1/2

[Event "Baden-ch U2000"]
[Site "Walldorf"]
[Date "2017.07.28"]
[Round "5"]
[White "Schwarz, Jochen"]
[Black "Gruenert, Thomas"]
[Result "1/2-1/2"]
[WhiteElo "1896"]
[BlackElo "1740"]
[PlyCount "60"]
[EventDate "2017.07.26"]
[EventType "swiss"]
[EventRounds "7"]
[EventCountry "GER"]
[SourceTitle "EXT 2018"]
[Source "ChessBase"]
[SourceDate "2017.10.13"]
[SourceVersion "1"]
[SourceVersionDate "2017.10.13"]
[SourceQuality "1"]

1. e4 c5 2. d4 e6 3. c3 a6 4. Nf3 d5 5. e5 Nc6 6. a3 b5 7. b4 cxd4 8. cxd4 Qb6 9. Be2 a5 10. bxa5 Nxa5 11. 0-0 Ne7 12. Nc3 Bd7 13. Bxb5 Bxb5 14. Rb1 Nc8 15. Nxb5 Qc6 16. Bg5 Nc4 17. a4 Be7 18. Bxe7 Nxe7 19. Qb3 0-0 20. Rfc1 Rfb8 21. Qd1 Qd7 22. h3 h6 23. Ne1 Nc8 24. Nd3 N8b6 25. Nc5 Qe7 26. Ra1 Ra5 27. Nd3 Rba8 28. Nc3 Qd7 29. Kh2 Qc7 30. Nb5 Qd7 1/2-1/2

[Event "Stuttgart-chB int"]
[Site "Ditzingen"]
[Date "2016.05.06"]
[Round "4"]
[White "Toelg, Wolfgang"]
[Black "Gruenert, Thomas"]
[Result "0-1"]
[WhiteElo "1598"]
[BlackElo "1807"]
[PlyCount "90"]
[EventDate "2016.05.05"]
[EventType "swiss"]
[EventRounds "7"]
[EventCountry "GER"]
[SourceTitle "EXT 2018"]
[Source "ChessBase"]
[SourceDate "2017.10.13"]
[SourceVersion "1"]
[SourceVersionDate "2017.10.13"]
[SourceQuality "1"]

1. e4 c5 2. Nf3 e6 3. d4 cxd4 4. Nxd4 Nf6 5. Nc3 Bb4 6. Bd3 Nc6 7. Nxc6 dxc6 8. Bg5 e5 9. 0-0 Be6 10. Qe1 Qe7 11. a3 Ba5 12. b4 Bc7 13. Na4 Rd8 14. Nc5 Bb6 15. Na4 Bc7 16. Qe2 b5 17. Nb2 h6 18. Bh4 g5 19. Bg3 Bg4 20. f3 Bh5 21. h3 Bg6 22. c4 a6 23. c5 Nh5 24. Bf2 Nf4 25. Qe3 h5 26. Be2 Qe6 27. Rfd1 0-0 28. Nd3 f5 29. Kh2 Kg7 30. Ne1 Rd4 31. Nc2 Rfd8 32. Kg1 fxe4 33. Nxd4 exd4 34. Rxd4 Rxd4 35. Bf1 Be5 36. Re1 Bf5 37. Qc1 exf3 38. Bxd4 Bxd4+ 39. Kh1 Qd5 40. Qd2 Kf6 41. gxf3 Bxh3 42. Bxh3 Nxh3 43. Kg2 Nf4+ 44. Kg3 h4+ 45. Kh2 Bg1+ 0-1

[Event "Stuttgart-chB op"]
[Site "Ditzingen"]
[Date "2015.05.14"]
[Round "2"]
[White "Theuer, Tobias"]
[Black "Gruenert, Thomas"]
[Result "1/2-1/2"]
[WhiteElo "1560"]
[BlackElo "1826"]
[PlyCount "57"]
[EventDate "2015.05.17"]
[EventType "swiss"]
[EventRounds "7"]
[EventCountry "GER"]
[SourceTitle "EXT 2018"]
[Source "ChessBase"]
[SourceDate "2017.10.13"]
[SourceVersion "1"]
[SourceVersionDate "2017.10.13"]
[SourceQuality "1"]

1. e4 c5 2. Nf3 e6 3. c3 Nc6 4. d4 d5 5. exd5 Qxd5 6. Be3 cxd4 7. Nxd4 Nxd4 8. Qxd4 Nf6 9. Nd2 Bd7 10. Nf3 Bc6 11. Ne5 Be7 12. Qxd5 Nxd5 13. Bd4 0-0 14. Nxc6 bxc6 15. Bd3 Rfd8 16. 0-0 c5 17. Be5 f6 18. Bg3 Nxc3 19. Bxh7+ Kxh7 20. bxc3 Rd3 21. Rac1 c4 22. Rfd1 Rad8 23. Rxd3 Rxd3 24. f3 Bc5+ 25. Kf1 Rd2 26. Ra1 Rc2 27. Be1 Ba3 28. Rd1 e5 29. Rd7 1/2-1/2

[Event "Stuttgart-chA int"]
[Site "Ditzingen"]
[Date "2014.05.29"]
[Round "2"]
[White "Gruenert, Thomas"]
[Black "Mueller, Anja"]
[Result "0-1"]
[WhiteElo "1868"]
[BlackElo "1967"]
[PlyCount "78"]
[EventDate "2014.05.29"]
[EventType "swiss"]
[EventRounds "7"]
[EventCountry "GER"]
[SourceTitle "EXT 2015"]
[Source "ChessBase"]
[SourceDate "2014.11.20"]
[SourceVersion "1"]
[SourceVersionDate "2014.11.20"]
[SourceQuality "1"]

1. d4 Nf6 2. Nf3 g6 3. Bg5 Bg7 4. Nbd2 d5 5. e3 0-0 6. Bd3 b6 7. Qe2 c5 8. c3 Nbd7 9. e4 dxe4 10. Bxe4 Rb8 11. Bf4 e5 12. dxe5 Nh5 13. Bg5 f6 14. e6 Ne5 15. Nxe5 fxg5 16. Nc6 Qd6 17. e7 Re8 18. Rd1 Nf4 19. Nc4 Qc7 20. Rd8 Bd7 21. N4e5 Bxe5 22. Qc4+ Be6 23. Rxb8 Rxb8 24. Nxb8 Qxb8 25. Qb5 Bf7 26. Bc6 Bxc3+ 27. bxc3 Qe5+ 28. Kd2 Qxe7 29. Re1 Qd6+ 30. Kc2 a6 31. Qxa6 Qxc6 32. g3 Ne6 33. Re2 Kg7 34. Qa7 c4 35. Kd2 Qd5+ 36. Ke1 Nc5 37. Re7 Ne4 38. Rd7 Qf5 39. Qxb6 Qxd7 0-1

[Event "Stuttgart-chA int"]
[Site "Ditzingen"]
[Date "2013.05.10"]
[Round "4"]
[White "Kammer, Christoph"]
[Black "Gruenert, Thomas"]
[Result "1-0"]
[WhiteElo "1968"]
[BlackElo "1871"]
[PlyCount "101"]
[EventDate "2013.05.09"]
[EventType "swiss"]
[EventRounds "7"]
[EventCountry "GER"]
[SourceTitle "EXT 2014"]
[Source "ChessBase"]
[SourceDate "2013.11.20"]
[SourceVersion "1"]
[SourceVersionDate "2013.11.20"]
[SourceQuality "1"]

1. e4 c5 2. Nc3 e6 3. f4 g6 4. Nf3 Bg7 5. d4 cxd4 6. Nxd4 a6 7. Be3 Ne7 8. Qf3 Nbc6 9. Nb3 b5 10. 0-0-0 Qc7 11. Qf2 d6 12. g4 Rb8 13. h4 Nb4 14. e5 d5 15. Bc5 Nbc6 16. Bd6 Qb6 17. Bc5 Qd8 18. Ne4 h5 19. Nf6+ Bxf6 20. exf6 hxg4 21. fxe7 Nxe7 22. Nd4 Qc7 23. Bb4 f5 24. Re1 Qb6 25. Qe3 Rh7 26. Nxe6 Bxe6 27. Qxe6 Qxe6 28. Rxe6 Kd7 29. Rxe7+ Rxe7 30. Bxe7 Kxe7 31. Bg2 Rd8 32. h5 Rh8 33. hxg6 Rxh1+ 34. Bxh1 Kf6 35. Bxd5 Kxg6 36. Kd2 Kh5 37. Ke3 Kh4 38. Be6 g3 39. Bxf5 g2 40. Kf2 g1Q+ 41. Kxg1 Kg3 42. Bc8 Kxf4 43. Bxa6 b4 44. Kf2 Ke4 45. Ke2 Kd4 46. Kd2 Kc5 47. c3 Kb6 48. Bf1 Ka5 49. c4 Kb6 50. Kc2 Ka5 51. Kb3 1-0

[Event "Stuttgart-chA int"]
[Site "Ditzingen"]
[Date "2010.05.14"]
[Round "4"]
[White "Gruenert, Thomas"]
[Black "Ruff, Robert"]
[Result "1-0"]
[WhiteElo "1929"]
[BlackElo "1848"]
[PlyCount "45"]
[EventDate "2010.05.13"]
[EventType "swiss"]
[EventRounds "7"]
[EventCountry "GER"]
[SourceTitle "EXT 2018"]
[Source "ChessBase"]
[SourceDate "2017.10.13"]
[SourceVersion "1"]
[SourceVersionDate "2017.10.13"]
[SourceQuality "1"]

1. d4 d5 2. Nf3 Nf6 3. e3 e6 4. Bd3 Nbd7 5. b3 Bd6 6. Bb2 0-0 7. Nbd2 Re8 8. Ne5 c6 9. f4 c5 10. 0-0 Qb6 11. Kh1 Nf8 12. Rf3 Bd7 13. c4 Rac8 14. Rg3 Bc6 15. dxc5 Bxc5 16. Nxc6 Rxc6 17. Bxf6 Ng6 18. Be5 Bxe3 19. Nf3 dxc4 20. Bxg6 fxg6 21. Qd7 Re7 22. Qxe7 Rc7 23. Qe8# 1-0

[Event "Karl Mala Memorial op 12th"]
[Site "Frankfurt"]
[Date "2009.07.18"]
[Round "4"]
[White "Gruenert, Thomas"]
[Black "Traut, Stefan"]
[Result "1-0"]
[WhiteElo "1935"]
[BlackElo "2003"]
[PlyCount "77"]
[EventDate "2009.07.16"]
[EventType "swiss"]
[EventRounds "7"]
[EventCountry "GER"]
[SourceTitle "EXT 2010"]
[Source "ChessBase"]
[SourceDate "2010.11.25"]
[SourceVersion "1"]
[SourceVersionDate "2010.11.25"]
[SourceQuality "1"]

1. d4 Nf6 2. Nf3 c5 3. e3 g6 4. c3 b6 5. Ne5 Bg7 6. Qf3 d5 7. Bb5+ Bd7 8. Nxd7 Nbxd7 9. Bc6 Rc8 10. Bxd5 cxd4 11. exd4 0-0 12. 0-0 Nxd5 13. Qxd5 Nf6 14. Qf3 h6 15. Nd2 Qd7 16. Re1 e6 17. Nf1 Qd5 18. Qh3 Qh5 19. Qg3 Qa5 20. Re5 Qa4 21. Ne3 Rfd8 22. Bd2 Rd7 23. b3 Qa6 24. Qh3 Qb7 25. Nc4 Kh7 26. Rae1 Ne8 27. R1e4 Nd6 28. Nxd6 Rxd6 29. Bxh6 Rxc3 30. Be3+ Kg8 31. Qh4 Qc8 32. h3 Qd8 33. Qf4 Rc2 34. a4 Qd7 35. Rg5 b5 36. Rxb5 Qc6 37. Kh2 a6 38. Rb8+ Bf8 39. Qh6 1-0

[Event "Karl Mala Memorial op 12th"]
[Site "Frankfurt"]
[Date "2009.07.17"]
[Round "2"]
[White "Gruenert, Thomas"]
[Black "Pusch, Hermann"]
[Result "0-1"]
[WhiteElo "1935"]
[BlackElo "2143"]
[PlyCount "98"]
[EventDate "2009.07.16"]
[EventType "swiss"]
[EventRounds "7"]
[EventCountry "GER"]
[SourceTitle "EXT 2010"]
[Source "ChessBase"]
[SourceDate "2010.11.25"]
[SourceVersion "1"]
[SourceVersionDate "2010.11.25"]
[SourceQuality "1"]

1. d4 Nf6 2. Nf3 g6 3. Bg5 Bg7 4. Nbd2 d5 5. e3 0-0 6. Bd3 Nbd7 7. 0-0 c5 8. c3 Qb6 9. Qb1 Re8 10. e4 dxe4 11. Nxe4 Nxe4 12. Bxe4 cxd4 13. Nxd4 Nf6 14. Bc2 Bd7 15. h3 Rac8 16. a4 Qc5 17. Qc1 Nd5 18. Rd1 Nb6 19. Nb5 Bxb5 20. axb5 Nc4 21. Ra2 Red8 22. Rxd8+ Rxd8 23. b3 Ne5 24. c4 Nd7 25. Bd1 Ne5 26. Be3 Qb4 27. Kf1 Nd3 28. Qd2 Bc3 29. Qe2 Nc5 30. Rxa7 Nxb3 31. Rxb7 Nd2+ 32. Kg1 Nxc4 33. Bc2 Nxe3 34. Qxe3 Bf6 35. Qe4 Rd4 36. Qe3 Kg7 37. Rc7 Rd2 38. Qb3 Qd6 39. b6 Qf4 40. Qg3 Qd4 41. Qe3 Qa1+ 42. Kh2 Qe5+ 43. Qg3 Qb5 44. Qe3 Qe5+ 45. Qg3 Qb2 46. Qb3 Be5+ 47. g3 Rxf2+ 48. Kg1 Qd4 49. Rc4 Qd2 0-1

[Event "Stuttgart-chA int"]
[Site "Ditzingen"]
[Date "2009.05.23"]
[Round "5"]
[White "Schembera, Joerg"]
[Black "Gruenert, Thomas"]
[Result "1-0"]
[WhiteElo "1828"]
[BlackElo "1970"]
[PlyCount "53"]
[EventDate "2009.05.21"]
[EventType "swiss"]
[EventRounds "7"]
[EventCountry "GER"]
[SourceTitle "EXT 2018"]
[Source "ChessBase"]
[SourceDate "2017.10.13"]
[SourceVersion "1"]
[SourceVersionDate "2017.10.13"]
[SourceQuality "1"]

1. d4 d5 2. c4 e6 3. Nc3 c6 4. Nf3 Bd6 5. e4 dxe4 6. Nxe4 Bb4+ 7. Bd2 Bxd2+ 8. Qxd2 Nf6 9. Bd3 0-0 10. 0-0 Nxe4 11. Bxe4 f5 12. Bc2 Qf6 13. Rfe1 Nd7 14. c5 Rd8 15. Rxe6 Qf8 16. Bb3 Kh8 17. Rd6 Nf6 18. Rxd8 Qxd8 19. Ng5 Qf8 20. Re1 h6 21. Nf7+ Kh7 22. Nd6 b5 23. Re5 Ng4 24. Re8 Qf6 25. h3 Bb7 26. Rxa8 Bxa8 27. hxg4 1-0

[Event "Stuttgart-chA int"]
[Site "Ditzingen"]
[Date "2009.05.21"]
[Round "2"]
[White "Gruenert, Thomas"]
[Black "Meyner, Hannes"]
[Result "0-1"]
[WhiteElo "1970"]
[BlackElo "2122"]
[PlyCount "82"]
[EventDate "2009.05.21"]
[EventType "swiss"]
[EventRounds "7"]
[EventCountry "GER"]
[SourceTitle "EXT 2018"]
[Source "ChessBase"]
[SourceDate "2017.10.13"]
[SourceVersion "1"]
[SourceVersionDate "2017.10.13"]
[SourceQuality "1"]

1. d4 Nf6 2. Nf3 g6 3. Bg5 Ne4 4. Bh4 Bg7 5. Nbd2 d5 6. e3 c5 7. c3 Nxd2 8. Qxd2 Qb6 9. Ne5 Nc6 10. f4 f6 11. Nxc6 bxc6 12. Be2 Rb8 13. Rb1 Qa5 14. b3 Bf5 15. Rc1 c4 16. b4 Qa3 17. 0-0 a5 18. Be1 0-0 19. Bf3 Bd3 20. Rf2 axb4 21. cxb4 e5 22. Rc3 Qa7 23. Rxd3 cxd3 24. Qxd3 e4 25. Bxe4 dxe4 26. Qc4+ Qf7 27. Qxc6 Rfc8 28. Qxe4 Rc1 29. Rf1 Re8 30. Qd3 Qxa2 31. d5 Qc2 32. Qxc2 Rxc2 33. Rf2 Rc1 34. Re2 Rd1 35. Kf2 Rxd5 36. Kf3 f5 37. h3 Rb5 38. g4 Bf8 39. gxf5 gxf5 40. Bc3 Rc8 41. Rg2+ Kf7 0-1

[Event "Stuttgart-chA int"]
[Site "Ditzingen"]
[Date "2006.05.28"]
[Round "7"]
[White "Stoehrer, Philip"]
[Black "Gruenert, Thomas"]
[Result "1-0"]
[WhiteElo "1829"]
[BlackElo "2051"]
[PlyCount "79"]
[EventDate "2006.05.25"]
[EventType "swiss"]
[EventRounds "7"]
[EventCountry "GER"]
[SourceTitle "EXT 2018"]
[Source "ChessBase"]
[SourceDate "2017.10.13"]
[SourceVersion "1"]
[SourceVersionDate "2017.10.13"]
[SourceQuality "1"]

1. d4 d5 2. c4 c6 3. Nf3 Nf6 4. Nc3 e6 5. e3 Bd6 6. Bd3 0-0 7. e4 dxe4 8. Nxe4 Nxe4 9. Bxe4 f5 10. Bc2 c5 11. dxc5 Qa5+ 12. Bd2 Qxc5 13. 0-0 b6 14. Re1 Qc7 15. Bc3 Nc6 16. h4 Bd7 17. Qd2 Rad8 18. Rad1 Bc8 19. Qe2 Rde8 20. Bb3 Na5 21. Ba4 Nc6 22. Ne5 Bb7 23. a3 a5 24. Rd2 Re7 25. Bxc6 Bxc6 26. Red1 Bc5 27. Nxc6 Qxc6 28. b4 axb4 29. axb4 b5 30. bxc5 Qxc5 31. Be5 Ree8 32. Bd6 Qxc4 33. Qxc4 bxc4 34. Bxf8 Kxf8 35. Rc1 Kf7 36. Rxc4 Re7 37. Kh2 Kf6 38. Rcd4 h6 39. h5 e5 40. Rd7 1-0

[Event "Stuttgart-chA int"]
[Site "Ditzingen"]
[Date "2006.05.27"]
[Round "5"]
[White "Jehle, Anja"]
[Black "Gruenert, Thomas"]
[Result "1-0"]
[WhiteElo "1834"]
[BlackElo "2051"]
[PlyCount "93"]
[EventDate "2006.05.25"]
[EventType "swiss"]
[EventRounds "7"]
[EventCountry "GER"]
[SourceTitle "EXT 2018"]
[Source "ChessBase"]
[SourceDate "2017.10.13"]
[SourceVersion "1"]
[SourceVersionDate "2017.10.13"]
[SourceQuality "1"]

1. d4 d5 2. c4 c6 3. cxd5 cxd5 4. Nc3 Nf6 5. Bf4 a6 6. Nf3 e6 7. e3 Bd6 8. Bxd6 Qxd6 9. Bd3 Nc6 10. Rc1 0-0 11. 0-0 b5 12. e4 dxe4 13. Nxe4 Nxe4 14. Bxe4 Bb7 15. Ne5 Rac8 16. Rc3 f5 17. Bxc6 Bxc6 18. Nxc6 Rxc6 19. Qb3 Rd8 20. Re1 Kf7 21. g3 Rdc8 22. Re5 g6 23. Rec5 Rxc5 24. Rxc5 Rxc5 25. dxc5 Qxc5 26. Qd1 Qd5 27. Qxd5 exd5 28. Kf1 Ke6 29. Ke2 Ke5 30. Kd3 g5 31. f3 h5 32. h3 d4 33. b3 Kd5 34. a3 g4 35. hxg4 f4 36. gxh5 fxg3 37. h6 g2 38. h7 g1Q 39. h8Q Qe3+ 40. Kc2 Qe2+ 41. Kb1 Qe1+ 42. Ka2 Qd2+ 43. Kb1 Qd3+ 44. Ka2 Qc2+ 45. Ka1 Qd1+ 46. Ka2 Qxf3 47. Qa8+ 1-0

[Event "Stuttgart-chA int"]
[Site "Ditzingen"]
[Date "2005.05.06"]
[Round "4"]
[White "Heeke, Guido"]
[Black "Gruenert, Thomas"]
[Result "0-1"]
[WhiteElo "1941"]
[BlackElo "2073"]
[PlyCount "83"]
[EventDate "2005.05.05"]
[EventType "swiss"]
[EventRounds "7"]
[EventCountry "GER"]
[SourceTitle "EXT 2018"]
[Source "ChessBase"]
[SourceDate "2017.10.13"]
[SourceVersion "1"]
[SourceVersionDate "2017.10.13"]
[SourceQuality "1"]

1. c4 f5 2. Nc3 e5 3. e3 Nf6 4. g3 Be7 5. Bg2 0-0 6. Nge2 c6 7. Qb3 Kh8 8. d3 Na6 9. a3 Nc5 10. Qc2 Ne6 11. 0-0 d5 12. cxd5 Nxd5 13. Bd2 Nxc3 14. Bxc3 f4 15. exf4 exf4 16. gxf4 Nxf4 17. Nxf4 Rxf4 18. Be5 Rf7 19. Qc4 Qf8 20. d4 Rf5 21. f4 Rh5 22. Rf3 Bf6 23. Raf1 Bf5 24. Rg3 Rd8 25. b4 Qe7 26. Re1 Bxe5 27. Rxe5 Qh4 28. Qf7 Bg6 29. Qe7 Qxh2+ 30. Kf2 Rg8 31. Qxb7 Rf8 32. Rf3 Rxe5 33. dxe5 Qh4+ 34. Kg1 Be4 35. Rf2 Bxg2 36. Kxg2 Qg4+ 37. Kf1 Rd8 38. Re2 Qf3+ 39. Ke1 Qg3+ 40. Rf2 Qg1+ 41. Ke2 Qd1+ 42. Ke3 0-1

[Event "Stuttgart-chA"]
[Site "Stuttgart"]
[Date "2004.??.??"]
[Round "?"]
[White "Behm, Wilfried"]
[Black "Gruenert, Thomas"]
[Result "0-1"]
[WhiteElo "1970"]
[BlackElo "2070"]
[PlyCount "84"]
[EventDate "2004.05.20"]
[EventType "swiss"]
[EventRounds "7"]
[EventCountry "GER"]
[SourceTitle "EXT 2007"]
[Source "ChessBase"]
[SourceDate "2006.11.23"]
[SourceVersion "1"]
[SourceVersionDate "2006.11.23"]
[SourceQuality "1"]

1. d4 d5 2. c4 c6 3. Nc3 e6 4. Bf4 Nf6 5. e3 Bb4 6. Rc1 Ne4 7. Qb3 Bxc3+ 8. bxc3 0-0 9. Nf3 Nd7 10. Bd3 f5 11. cxd5 exd5 12. 0-0 b5 13. Rc2 h6 14. Bxb5 Ndf6 15. Bxc6 Ba6 16. Bxa8 Bxf1 17. Bxd5+ Nxd5 18. Kxf1 Kh7 19. Be5 Qa5 20. c4 Nb4 21. Rb2 Nc6 22. Bg3 Nxg3+ 23. hxg3 Rb8 24. Qc2 Rxb2 25. Qxb2 Nb4 26. a3 Nd3 27. Qb3 Nc1 28. Qb4 Qa6 29. a4 Na2 30. Qb5 Qe6 31. Ne5 Nc3 32. Qa5 Ne4 33. Ke2 a6 34. Nd3 f4 35. Nxf4 Qxc4+ 36. Kf3 Ng5+ 37. Kg4 g6 38. Qb6 Qc8+ 39. Kh4 Qf5 40. Qxa6 Nf3+ 41. gxf3 g5+ 42. Kh5 g4+ 0-1

[Event "Stuttgart-chA"]
[Site "Stuttgart"]
[Date "2004.??.??"]
[Round "?"]
[White "Gruenert, Thomas"]
[Black "Schaefer, Alexander"]
[Result "0-1"]
[WhiteElo "2070"]
[BlackElo "1700"]
[PlyCount "84"]
[EventDate "2004.05.20"]
[EventType "swiss"]
[EventRounds "7"]
[EventCountry "GER"]
[SourceTitle "EXT 2007"]
[Source "ChessBase"]
[SourceDate "2006.11.23"]
[SourceVersion "1"]
[SourceVersionDate "2006.11.23"]
[SourceQuality "1"]

1. d4 Nf6 2. Nf3 e6 3. e3 b6 4. Bd3 Bb7 5. Nbd2 c5 6. c3 d5 7. 0-0 Bd6 8. Ne5 Nbd7 9. f4 0-0 10. Rf3 Ne4 11. Rh3 f6 12. Rxh7 Kxh7 13. Qh5+ Kg8 14. Ng6 Re8 15. Nxe4 dxe4 16. Bc4 Nf8 17. f5 Bd5 18. Bxd5 exd5 19. Bd2 Qc7 20. Rf1 Bxh2+ 21. Qxh2 Qxh2+ 22. Kxh2 Nxg6 23. fxg6 Kf8 24. Rf5 Red8 25. g4 Ke7 26. Kg3 Ke6 27. Kf4 cxd4 28. exd4 b5 29. a3 Rh8 30. Rh5 Rxh5 31. gxh5 a5 32. Kg4 b4 33. cxb4 axb4 34. Bxb4 e3 35. h6 gxh6 36. Kh5 f5 37. g7 Kf7 38. Be1 Kxg7 39. Bg3 Re8 40. b4 e2 41. Be1 Re3 42. Kh4 Rxa3 0-1

[Event "Erlangen op 18th"]
[Site "Erlangen"]
[Date "2003.??.??"]
[Round "1"]
[White "Barth, Emanuel"]
[Black "Gruenert, Thomas"]
[Result "0-1"]
[WhiteElo "983"]
[BlackElo "1806"]
[PlyCount "96"]
[EventDate "2003.11.??"]
[EventType "swiss"]
[EventRounds "5"]
[EventCountry "GER"]
[SourceTitle "EXT 2005"]
[Source "ChessBase"]
[SourceDate "2004.11.15"]
[SourceVersion "1"]
[SourceVersionDate "2004.11.15"]
[SourceQuality "1"]

1. e4 c5 2. Nf3 e6 3. d4 cxd4 4. Nxd4 Nf6 5. Nc3 Bb4 6. Bd2 Qb6 7. Be3 Qa5 8. Qd2 Nxe4 9. Qd3 Bxc3+ 10. bxc3 Qxc3+ 11. Qxc3 Nxc3 12. Bd3 a6 13. 0-0 0-0 14. Rae1 Nc6 15. Nxc6 bxc6 16. Bd2 Nb5 17. Re4 d5 18. Rh4 f5 19. Re1 Rf7 20. c4 Nd6 21. Bb4 Ne4 22. cxd5 exd5 23. f3 Nf6 24. h3 Bd7 25. Rf4 g6 26. g4 g5 27. Rd4 fxg4 28. fxg4 a5 29. Bd2 c5 30. Rxd5 Nxd5 31. Bxg5 Re8 32. Rxe8+ Bxe8 33. Bc4 Bc6 34. h4 Rf3 35. Kg2 Rc3 36. Bxd5+ Bxd5+ 37. Kf2 Bxa2 38. Bf6 Rd3 39. h5 c4 40. Ke2 a4 41. g5 a3 42. g6 hxg6 43. hxg6 Bb3 44. g7 a2 45. Be5 Rg3 46. Kd2 Rg2+ 47. Kc1 Rc2+ 48. Kd1 a1Q+ 0-1

[Event "Stuttgart-chA"]
[Site "Stuttgart"]
[Date "2003.??.??"]
[Round "?"]
[White "Gauer, Jakob"]
[Black "Gruenert, Thomas"]
[Result "1-0"]
[WhiteElo "2025"]
[BlackElo "1700"]
[PlyCount "51"]
[EventDate "2003.??.??"]
[EventType "swiss"]
[EventRounds "9"]
[EventCountry "GER"]
[SourceTitle "EXT 2007"]
[Source "ChessBase"]
[SourceDate "2006.11.23"]
[SourceVersion "1"]
[SourceVersionDate "2006.11.23"]
[SourceQuality "1"]

1. e4 c5 2. Nf3 e6 3. d4 cxd4 4. Nxd4 Nf6 5. Nc3 Bb4 6. e5 Qa5 7. exf6 Bxc3+ 8. bxc3 Qxc3+ 9. Qd2 Qxa1 10. fxg7 Rg8 11. Nb5 Qe5+ 12. Qe3 Qxe3+ 13. Bxe3 d5 14. Nc7+ Kd7 15. Nxa8 Nc6 16. Bb5 b6 17. Bd4 Bb7 18. Nxb6+ axb6 19. 0-0 Kd6 20. Bxc6 Bxc6 21. f4 f5 22. Rf3 b5 23. Rh3 Be8 24. Rxh7 Bg6 25. Rh8 Bf7 26. h4 1-0

[Event "Stuttgart-chA"]
[Site "Stuttgart"]
[Date "2003.??.??"]
[Round "?"]
[White "Gruenert, Thomas"]
[Black "Akstinat, Sven Holger"]
[Result "0-1"]
[WhiteElo "1700"]
[BlackElo "1985"]
[PlyCount "78"]
[EventDate "2003.??.??"]
[EventType "swiss"]
[EventRounds "9"]
[EventCountry "GER"]
[SourceTitle "EXT 2007"]
[Source "ChessBase"]
[SourceDate "2006.11.23"]
[SourceVersion "1"]
[SourceVersionDate "2006.11.23"]
[SourceQuality "1"]

1. d4 d5 2. Nf3 Bf5 3. e3 e6 4. c4 c6 5. Nc3 Nd7 6. a3 Ngf6 7. b4 Be7 8. Bb2 0-0 9. c5 Re8 10. Be2 Bf8 11. Ne5 Nxe5 12. dxe5 Nd7 13. f4 b6 14. cxb6 axb6 15. 0-0 c5 16. b5 h6 17. Bf3 Bh7 18. a4 c4 19. Ne2 Bd3 20. Rf2 Bxe2 21. Qxe2 Nc5 22. Qc2 Ra7 23. Bd4 Qa8 24. Bd1 g6 25. g4 Nb3 26. f5 Nxa1 27. Bxa1 gxf5 28. gxf5 Bc5 29. Qe2 Kh8 30. Bd4 Rg8+ 31. Kf1 Qf8 32. f6 Ra8 33. Bc2 Bxd4 34. exd4 Qa3 35. Qh5 Qc1+ 36. Bd1 Rxa4 37. Rc2 Qe3 38. Rf2 Ra2 39. Qh4 Qd3+ 0-1

[Event "Erlangen op 18th"]
[Site "Erlangen"]
[Date "2003.??.??"]
[Round "4"]
[White "Gruenert, Thomas"]
[Black "Degenhardt, Horst"]
[Result "0-1"]
[WhiteElo "1806"]
[BlackElo "2285"]
[PlyCount "58"]
[EventDate "2003.11.??"]
[EventType "swiss"]
[EventRounds "5"]
[EventCountry "GER"]
[SourceTitle "EXT 2005"]
[Source "ChessBase"]
[SourceDate "2004.11.15"]
[SourceVersion "1"]
[SourceVersionDate "2004.11.15"]
[SourceQuality "1"]

1. d4 Nf6 2. Nf3 d6 3. c3 h6 4. Bf4 Nh5 5. Bg3 Nxg3 6. hxg3 Nd7 7. e4 e5 8. Qb3 Qe7 9. Nbd2 g6 10. 0-0-0 Bg7 11. dxe5 dxe5 12. Bc4 Nb6 13. Kb1 0-0 14. Nh2 a5 15. f4 a4 16. Qc2 a3 17. b4 exf4 18. gxf4 Qf6 19. e5 Qxf4 20. Rdf1 Qxe5 21. Nhf3 Qxc3 22. Qxc3 Bxc3 23. Rxh6 Bf5+ 24. Kc1 Nxc4 25. Nxc4 Bd3 26. Rfh1 Bxc4 27. Kc2 Bg7 28. R6h4 Bxa2 29. Nd4 Be6 0-1

[Event "Stuttgart-chA"]
[Site "Stuttgart"]
[Date "2003.??.??"]
[Round "?"]
[White "Gruenert, Thomas"]
[Black "Eisenbeiser, Karlheinz"]
[Result "1/2-1/2"]
[WhiteElo "1700"]
[BlackElo "2120"]
[PlyCount "43"]
[EventDate "2003.??.??"]
[EventType "swiss"]
[EventRounds "9"]
[EventCountry "GER"]
[SourceTitle "EXT 2007"]
[Source "ChessBase"]
[SourceDate "2006.11.23"]
[SourceVersion "1"]
[SourceVersionDate "2006.11.23"]
[SourceQuality "1"]

1. d4 d6 2. Nf3 c5 3. e3 Nf6 4. Bd3 g6 5. c3 Bg7 6. d5 0-0 7. e4 b5 8. Bg5 a6 9. Nbd2 Bb7 10. a4 c4 11. Bc2 Nbd7 12. 0-0 h6 13. Bh4 Nc5 14. axb5 axb5 15. Nd4 Qb6 16. Qe2 e5 17. dxe6 fxe6 18. Qe3 e5 19. Rxa8 Rxa8 20. Bxf6 Bxf6 21. Qxh6 exd4 22. Qxg6+ 1/2-1/2